The no-nonsense guide to training libraries
Guardat en:
| Autor principal: | |
|---|---|
| Format: | Llibre |
| Idioma: | anglès |
| Publicat: |
Facet Publishers
2013
|
| Etiquetes: |
Afegir etiqueta
Sense etiquetes, Sigues el primer a etiquetar aquest registre!
|
MARC
| LEADER | 00000nam a22000007a 4500 | ||
|---|---|---|---|
| 008 | 221229b |||||||| |||| 00| 0 eng d | ||
| 020 | |a 9781856048286 | ||
| 100 | |a ALLAN, Barbara | ||
| 245 | |a The no-nonsense guide to training libraries |c Barbara Allan |g x, 212p | ||
| 260 | |b Facet Publishers |c 2013 |h London |i 699644 |i 69945 |l Z668.5.Al5 |m Library - In - Services -In Service training |m Librarians- In- Service training | ||
| 500 | |a it includes references | ||
| 942 | |a lcc |c BK |e Johnson |f 29/12/22 | ||
| 952 | |0 0 |1 0 |2 lcc |4 0 |6 Z06685 A L5 |7 0 |9 4065 |a ED |b HOL |d 2022-12-29 |l 0 |o Z668.5.Al5 |p 2022-0024 |r 2022-12-29 00:00:00 |t 699644 |w 2022-12-29 |y BK | ||
| 952 | |0 0 |1 0 |2 lcc |4 0 |6 Z06685 A L5 |7 0 |9 4066 |a HOL |b HOL |d 2022-12-29 |l 0 |o Z668.5.Al5 |p 2022-0025 |r 2022-12-29 00:00:00 |t 699645 |w 2022-12-29 |y BK | ||
| 999 | |c 2041 |d 2041 | ||